[Event "Biel op-B 56th"]
[Site "Biel"]
[Date "2023.07.24"]
[Round "7"]
[White "Zafeiridis, Athanasios"]
[Black "Rose, Alexis"]
[Result "1/2-1/2"]
[WhiteElo "1878"]
[BlackElo "1633"]
[PlyCount "38"]
[EventDate "2023.07.17"]
[EventType "swiss"]
[EventRounds "9"]
[EventCountry "SUI"]
[SourceTitle "EXT 2024"]
[Source "ChessBase"]
[SourceDate "2023.10.10"]
[SourceVersion "1"]
[SourceVersionDate "2023.10.10"]
[SourceQuality "1"]

1. d4 Nf6 2. c4 e6 3. Nc3 Bb4 4. Bd2 d5 5. e3 0-0 6. Nf3 c5 7. a3 Bxc3 8. Bxc3 Ne4 9. dxc5 Nxc3 10. bxc3 dxc4 11. Qxd8 Rxd8 12. Bxc4 Bd7 13. Ne5 Bc6 14. 0-0 Nd7 15. Nxd7 Rxd7 16. Rfd1 Rad8 17. Be2 Rxd1+ 18. Rxd1 Rxd1+ 19. Bxd1 Kf8 1/2-1/2

[Event "Biel op-B 56th"]
[Site "Biel"]
[Date "2023.07.23"]
[Round "6"]
[White "Gallus, Matthias"]
[Black "Zafeiridis, Athanasios"]
[Result "1/2-1/2"]
[WhiteElo "1729"]
[BlackElo "1878"]
[PlyCount "81"]
[EventDate "2023.07.17"]
[EventType "swiss"]
[EventRounds "9"]
[EventCountry "SUI"]
[SourceTitle "EXT 2024"]
[Source "ChessBase"]
[SourceDate "2023.10.10"]
[SourceVersion "1"]
[SourceVersionDate "2023.10.10"]
[SourceQuality "1"]

1. d4 e6 2. c4 d5 3. Nc3 Nf6 4. Nf3 Be7 5. Bg5 0-0 6. e3 b6 7. cxd5 Nxd5 8. Bxe7 Qxe7 9. Nxd5 exd5 10. Be2 Bb7 11. 0-0 Nd7 12. Qa4 Rfc8 13. Ba6 Bxa6 14. Qxa6 Qd6 15. Rfd1 c6 16. Qd3 Re8 17. Rac1 Rac8 18. Rc3 h6 19. a3 a5 20. Qa6 Qc7 21. Rdc1 Re6 22. Qd3 Qd6 23. Qa6 Qb8 24. Qd3 Qa7 25. b4 b5 26. Ne5 Nb8 27. Qf5 Qb7 28. Qc2 f6 29. Nd3 Na6 30. bxa5 Rd6 31. Nb4 Nb8 32. Qf5 Rc7 33. Qf4 Rcd7 34. Qf5 Kf7 35. Qh5+ Kg8 36. R1c2 Rc7 37. Qf3 Re6 38. Qg3 Rd7 39. Qg4 Red6 40. Qg3 Re6 41. Qg4 1/2-1/2

[Event "Biel op-B 56th"]
[Site "Biel"]
[Date "2023.07.20"]
[Round "4"]
[White "Suwendo, Poedjo"]
[Black "Zafeiridis, Athanasios"]
[Result "0-1"]
[WhiteElo "1636"]
[BlackElo "1878"]
[PlyCount "88"]
[EventDate "2023.07.17"]
[EventType "swiss"]
[EventRounds "9"]
[EventCountry "SUI"]
[SourceTitle "EXT 2024"]
[Source "ChessBase"]
[SourceDate "2023.10.10"]
[SourceVersion "1"]
[SourceVersionDate "2023.10.10"]
[SourceQuality "1"]

1. e4 e6 2. f4 d5 3. e5 c5 4. c3 Nc6 5. Bd3 Bd7 6. Nf3 Qb6 7. Bc2 c4 8. d3 cxd3 9. Qxd3 a5 10. b3 Bc5 11. Ba3 Be3 12. g3 Nh6 13. Ke2 Nf5 14. Kd1 Na7 15. Qe2 Bb5 16. Bd3 Bxd3 17. Qxd3 Nb5 18. Ke2 a4 19. b4 h5 20. Nh4 Nxh4 21. Qxe3 Qxe3+ 22. Kxe3 Nf5+ 23. Kd3 Rc8 24. Bc1 Ke7 25. Bd2 Rc4 26. a3 Rhc8 27. Rc1 Nh6 28. Ra2 Ng4 29. Be1 g5 30. h3 Nh6 31. fxg5 Nf5 32. Rac2 Re4 33. Bf2 Rxe5 34. g4 hxg4 35. hxg4 Nfd6 36. Re1 Nc4 37. Bh4 Rxe1 38. Bxe1 Ne5+ 39. Ke3 Nxg4+ 40. Kf3 Nd4+ 41. cxd4 Rxc2 42. Kxg4 Rc1 43. Nc3 Rxe1 44. Nxa4 Re4+ 0-1

[Event "EU School-ch U09"]
[Site "Kallithea"]
[Date "2016.06.17"]
[Round "1"]
[White "Zafeiridis, Athanasios"]
[Black "Prieb, Robert"]
[Result "0-1"]
[WhiteElo "1093"]
[BlackElo "1505"]
[PlyCount "120"]
[EventDate "2016.06.17"]
[EventType "swiss"]
[EventRounds "9"]
[EventCountry "GRE"]
[SourceTitle "EXT 2017"]
[Source "ChessBase"]
[SourceDate "2016.10.25"]
[SourceVersion "1"]
[SourceVersionDate "2016.10.25"]
[SourceQuality "1"]

1. e4 d6 2. d4 Nf6 3. Nc3 c6 4. Bc4 b5 5. Bd3 e5 6. dxe5 dxe5 7. Nf3 Qc7 8. Bg5 Be7 9. 0-0 0-0 10. Re1 Bg4 11. h3 Bh5 12. Qe2 Nbd7 13. Rad1 Rad8 14. Rd2 Nc5 15. Red1 b4 16. Nb1 Bg6 17. Bxf6 Bxf6 18. c3 a5 19. Bc2 Ne6 20. cxb4 axb4 21. Rxd8 Rxd8 22. Rxd8+ Qxd8 23. Nbd2 h6 24. Nc4 Nd4 25. Qd3 Nxf3+ 26. gxf3 Qxd3 27. Bxd3 Kf8 28. Kf1 Ke7 29. Ke2 Ke6 30. Kd2 Be7 31. Kc2 Bc5 32. Ne3 Bh5 33. Be2 Kf6 34. h4 g5 35. hxg5+ Kxg5 36. Kd3 Bd4 37. b3 f6 38. Kc4 c5 39. Kd3 Kf4 40. Ng2+ Kg5 41. Ne3 Bf7 42. Bf1 Kf4 43. Ke2 Bxe3 44. fxe3+ Kg3 45. Kd2 Kxf3 46. Bd3 h5 47. Be2+ Kxe4 48. Ke1 Kxe3 49. Kf1 f5 50. Bd1 f4 51. Kg1 h4 52. Bg4 f3 53. Kf1 f2 54. Bh3 Be8 55. Kg2 Ke2 56. Bg4+ Ke1 57. Bh3 f1Q+ 58. Kh2 Qf2+ 59. Kh1 Bc6+ 60. Bg2 Qxg2# 0-1